LDR 00959nam a2200253 i 4500 001 000000136964 003 CaOOAMICUS 005 20260327124726.0 008 050405s1978 it u000 u ita u 040 $aSeMil$bita 100 1 $aSchneider, Reinhold,$d<1903-1958>.$0(OLS)http://semarc/name/39562 245 10$aBartolomeo de Las Casas :$bromanzo /$cReinhold Schneider. 250 $a2. Ed. 264 1$aMilano :$bJaca Book,$c1978. 300 $a154 p. ;$c21 cm. 490 1 $aGiĆ e non ancora ;$v10 830 0$aGiĆ e non ancora ;$v10.$0(OLS)http://semarc/title/5902 850 $aSeMil 852 $aSeMil$W1$xVenegono$y1$m1W II 205$j269230$B90534$CSeMilBibl$Z2$F95372 $81 941 1 $a4 961 $aOmaggio: Martini Card. Carlo Maria. -- Con dedica autografa 996 $6245$aBartolomeo de Las Casas :$bromanzo$9(OLS)http://semarc/title/200128 996 $6264$aMilano :$bJaca Book$9(OLS)http://semarc/publisher/29781